Odlepte sa!
SkyEurope Airlines, prvá nízkonákladová letecká spoločnosť (low cost) v strednej Európe vstupuje na slovenský trh. Cieľové skupiny spoločnosti, reklamná kampaň.
Gespeichert in:
| 1. Verfasser: | |
|---|---|
| Format: | Buchkapitel |
| Sprache: | Slowakisch |
| Schlagworte: | |
| Tags: |
Keine Tags, Fügen Sie das erste Tag hinzu!
|
MARC
| LEADER | 00000naa a2200000 4500 | ||
|---|---|---|---|
| 001 | r044968 | ||
| 005 | 20231003075731.6 | ||
| 041 | 0 | |a slo | |
| 044 | |a SK | ||
| 245 | 1 | 0 | |a Odlepte sa! |c Renata Môciková |
| 520 | |a SkyEurope Airlines, prvá nízkonákladová letecká spoločnosť (low cost) v strednej Európe vstupuje na slovenský trh. Cieľové skupiny spoločnosti, reklamná kampaň. | ||
| 610 | 2 | 0 | |a doprava letecká |
| 610 | 2 | 0 | |a doprava letecká osobná |
| 610 | 2 | 0 | |a spoločnosti letecké |
| 610 | 2 | 0 | |a Slovensko |
| 610 | 2 | 0 | |a SkyEurope Airlines, a.s. |
| 610 | 2 | 0 | |a kampane reklamné |
| 100 | 1 | |a Môciková, Renata | |